00524nam a22001337a 4500008004100000082001600041100000900057245016800066260002600234300000900260942001200269999001500281952009400296230629b xxu||||| |||| 00| 0 eng d a333.7bNEMA cNEMA aThe Republic of KenyabThe Third National Report to the Conference of the PArties to the Convention on Biological Diversity on the Implementation of the Convention aKenyabNEMAcDec 2005 a133p 2ddccBK c2975d2975 00102ddc4070a002b002d2023-06-29l0o333.7 NEMAp1000920r2023-06-29w2023-06-29yBK